| 000 | 00505nab a2200157Ia 4500 | ||
|---|---|---|---|
| 003 | ES-SlBCS | ||
| 005 | 20210601134025.0 | ||
| 008 | 140529s2005 xxu||||| |||| 00| 0 por d | ||
| 041 | _apor | ||
| 100 | 1 |
_aNeto de Andrade, Luiz Felipe _9211507 |
|
| 245 | 0 | 2 |
_aA noçao de liberdade no Emilio de Rousseau _c Luiz Felipe Neto De Andrade, Silva Sahd |
| 650 | 0 | 4 |
_aEducación _986687 |
| 700 | 1 |
_aSahd, Silva _9209071 |
|
| 773 | 0 |
_tTransformaçao _gvol. 28/1, nº. 28, 2005, págs. 109-118 _wRev977 |
|
| 942 | _cAR | ||
| 999 |
_c605832 _d605832 |
||